Online Catalogue and eLibrary

Kaala ottathinoode oru kavignan (Record no. 3778)

MARC details
000 -LEADER
fixed length control field 00377nam a2200145Ia 4500
005 - DATE AND TIME OF LATEST TRANSACTION
control field 20250323154851.0
008 - FIXED-LENGTH DATA ELEMENTS--GENERAL INFORMATION
fixed length control field 240331s9999 xx 000 0 und d
082 ## - DDC Classification
Item Number - Author Mark Mou
Class No. 894
100 ## - MAIN ENTRY--PERSONAL NAME
Personal name Mounaguru, C
245 #0 - TITLE STATEMENT
Title Kaala ottathinoode oru kavignan
260 ## - PUBLICATION, DISTRIBUTION, ETC.
Place of publication, distribution, etc. Madras
Name of publisher, distributor, etc. South Asian Books
Date of publication, distribution, etc. 1994
300 ## - PHYSICAL DESCRIPTION
Extent (e.g. Volumes, Pages etc.) 96 p.,
500 ## - GENERAL NOTE
General note Neelavanan valavum ilakkiyappanium
942 ## - Koha item type (Biblio)
Koha item type Books in Stacks (Lending)
Holdings
Lost status Damaged status Collection code Home library Current library Shelving location Date acquired Full call number Accession Number Item type
    Lending WERC Library WERC Library Social Science Cupboard 03/31/2024 894.811 Mou 4519 Books in Stacks (Lending)

© WERC Library